| 000 | 00936nam a2200289 c 4500 | ||
|---|---|---|---|
| 003 | BLK | ||
| 005 | 20180420234421.0 | ||
| 008 | 180410b bul|||||r ||||||| ||bul|| | ||
| 010 | _aKNG00165026000 | ||
| 020 |
_a0-451-52124-2 _bиздат.: Signet Classic |
||
| 040 | _aBLK | ||
| 041 |
_aENG _cENG |
||
| 080 |
_aАнглийска литература _b821.111 _x-2 _z821.111-2 |
||
| 100 | 1 |
_aShakespeare, William _eпърви автор _924252 |
|
| 139 |
_aShakespeare, William _bS 53 |
||
| 245 | 1 | 0 |
_aThe Tragedy of Julius Caesar _bWith New Dramatic Criticism and an Updated Bibliography _cWilliam Shakespeare. |
| 257 | _aGBR | ||
| 260 |
_аNew York _bSignet Classic _c1987 |
||
| 300 |
_a255 c. _c18 см |
||
| 380 | _aX | ||
| 490 | 1 | _aThe Signet Classic Shakespeare Series | |
| 852 | _aЦб І 20213 | ||
| 856 | 4 |
_qpdf _u |
|
| 856 | 4 |
_qpdf _u |
|
| 942 |
_cKNG _n0 |
||
| 944 |
_aCR _c18.09.2014 _kПенка_Димитрова |
||
| 944 |
_aED _c23.09.2014 _k |
||
| 999 |
_c158058 _d158058 |
||